[Event "Chess24 Banter Blitz Cup"]
[Site "chess24.com INT"]
[Date "2019.12.31"]
[Round "2.11"]
[White "Larino Nieto, David"]
[Black "Praggnanandhaa, R"]
[Result "0-1"]
[WhiteTitle "GM"]
[BlackTitle "GM"]
[WhiteElo "2473"]
[BlackElo "2567"]
[WhiteFideId "2256444"]
[BlackFideId "25059530"]
[EventDate "2019.09.25"]
[EventType "blitz"]

1. e4 b6 2. Nc3 Bb7 3. Nf3 e6 4. d4 h6 5. Bd3 g5 6. Qe2 Bg7 7. Be3 Ne7 8. Nd2
Nbc6 9. e5 d6 10. O-O-O Qd7 11. Nde4 O-O-O 12. exd6 cxd6 13. Nb5 Nf5 14. g4 d5
15. gxf5 dxe4 16. Bxe4 exf5 17. Bf3 Kb8 18. h4 f4 19. Bd2 a6 20. d5 Ne5 21. Bc3
Rhe8 22. Na3 g4 23. Be4 f5 24. Bd3 Nf3 25. Qf1 Bxc3 26. bxc3 Qa4 27. Kb2 Rxd5
28. Bc4 Nd2 29. Bxd5 Nxf1 30. Rhxf1 Rd8 31. Bxb7 Rxd1 32. Rxd1 Kxb7 33. Rd4 Qc6
34. Rxf4 Qd5 35. Rd4 Qe6 36. Nc4 b5 37. Na5+ Kb6 38. Nb3 Qe5 39. Nc1 Qh2 40. Nd3
Qxh4 41. a4 Qf6 42. Nf4 Qe5 43. Nd5+ Kb7 44. a5 h5 45. Nb6 h4 46. Rd7+ Kc6 47.
Rh7 h3 48. Rh6+ Kc7 49. Rh7+ Kd8 50. Rd7+ Ke8 51. Rh7 h2 52. Na8 Kf8 53. Nb6 Kg8
54. Rh5 Kg7 55. Nd7 Qd6 56. Nb6 Kg6 57. Rh8 Kg5 58. Rg8+ Kf4 59. Rh8 Kf3 60. Rh4
Kxf2 61. Nc4 Kg3 62. Ne5 Kxh4 63. Nd3 Kg3 64. Ne1 h1=Q 65. Nd3 Qa3+ 66. Kxa3
Qa1+ 67. Kb4 Qa4+ 68. Kc5 Qxa5 69. Kd6 Qxc3 70. Kd5 Qxd3+ 71. Ke5 Qxc2 72. Kf6
Qb3 73. Kg6 Qc4 74. Kg5 Qc3 75. Kh5 Qd3 76. Kh6 Qd2+ 77. Kg6 Qc2 78. Kg7 Qc1 0-1

[Event "Chess24 Banter Blitz Cup"]
[Site "chess24.com INT"]
[Date "2019.12.31"]
[Round "2.12"]
[White "Praggnanandhaa, R"]
[Black "Larino Nieto, David"]
[Result "0-1"]
[WhiteTitle "GM"]
[BlackTitle "GM"]
[WhiteElo "2567"]
[BlackElo "2473"]
[WhiteFideId "25059530"]
[BlackFideId "2256444"]
[EventDate "2019.09.25"]
[EventType "blitz"]

1. c4 e6 2. Nc3 d6 3. d4 Nd7 4. e4 g6 5. h4 h6 6. Be3 Bg7 7. Qd2 b6 8. f4 Ne7 9.
h5 Bb7 10. hxg6 fxg6 11. Nf3 a6 12. Be2 Ng8 13. Nh4 Nf8 14. f5 g5 15. Bh5+ Kd7
16. fxe6+ Kc8 17. Nf5 Bf6 18. d5 Ne7 19. O-O-O Kb8 20. Rhf1 Neg6 21. Kb1 Ne5 22.
Be2 Nfg6 23. Rf2 Ka7 24. Rdf1 Be7 25. Nxe7 Qxe7 26. Rf7 Nxf7 27. Rxf7 Qd8 28.
Na4 Rf8 29. Rxc7 Qxc7 30. Bxb6+ Qxb6 31. Nxb6 Kxb6 32. Qd4+ Kc7 33. Qg7+ Kb6 0-1

[Event "Chess24 Banter Blitz Cup"]
[Site "chess24.com INT"]
[Date "2019.12.31"]
[Round "2.13"]
[White "Praggnanandhaa, R"]
[Black "Larino Nieto, David"]
[Result "0-1"]
[WhiteTitle "GM"]
[BlackTitle "GM"]
[WhiteElo "2567"]
[BlackElo "2473"]
[WhiteFideId "25059530"]
[BlackFideId "2256444"]
[EventDate "2019.09.25"]
[EventType "blitz"]

1. c4 e6 2. Nc3 Nf6 3. Nf3 d5 4. e3 c5 5. cxd5 exd5 6. d4 Nc6 7. Bb5 Bd6 8. dxc5
Bxc5 9. O-O O-O 10. b3 a6 11. Be2 Bg4 12. Bb2 Rc8 13. Rc1 Bd6 14. h3 Bh5 15. Na4
Bb8 16. Bxf6 gxf6 17. Nh4 Bg6 18. g3 Re8 19. Bf3 Re5 20. Bg2 Bc7 21. Nc5 Bb8 22.
Nxb7 Qb6 23. Nc5 Rd8 24. Nd3 Rxe3 25. Rxc6 Qxc6 26. fxe3 Qb6 27. Qd2 Bxg3 28.
Nf5 Bb8 29. Ne7+ Kg7 30. Nxd5 Qd6 31. N3f4 Qe5 32. Qc3 Rxd5 33. Qxe5 Rxe5 34.
Re1 Ba7 35. Kf2 Rc5 36. Re2 h5 37. Bf3 h4 38. Bg2 Rf5 39. Ke1 Re5 40. Kd2 Rg5
41. Bf3 Rg3 42. Bg4 f5 43. Nh5+ Bxh5 44. Bxh5 Rxh3 45. e4 f4 46. Bg4 Rg3 47. Bf5
Be3+ 48. Kd1 h3 49. Rh2 Rg1+ 50. Ke2 Rg2+ 51. Rxg2+ hxg2 0-1

[Event "Chess24 Banter Blitz Cup"]
[Site "chess24.com INT"]
[Date "2019.12.31"]
[Round "2.14"]
[White "Larino Nieto, David"]
[Black "Praggnanandhaa, R"]
[Result "0-1"]
[WhiteTitle "GM"]
[BlackTitle "GM"]
[WhiteElo "2473"]
[BlackElo "2567"]
[WhiteFideId "2256444"]
[BlackFideId "25059530"]
[EventDate "2019.09.25"]
[EventType "blitz"]

1. e4 b6 2. Nc3 Bb7 3. d3 e6 4. Be3 d5 5. exd5 exd5 6. Nf3 Nf6 7. Qd2 Be7 8.
O-O-O c5 9. d4 O-O 10. h3 Nc6 11. Kb1 Ne4 12. Nxe4 dxe4 13. Ne5 Nxd4 14. Bc4 b5
15. Bxf7+ Rxf7 16. Nxf7 Kxf7 17. c3 Ne6 18. Qe2 Qe8 19. h4 Kg8 20. h5 Bf6 21. h6
g6 22. Rd6 Be5 23. Rxe6 Qxe6 24. Qxb5 Bd5 25. Kc1 Bxa2 26. Qb7 Rb8 27. Qxe4 Bd5
28. Qa4 Qb6 29. Qa3 Bf7 30. Bxc5 Qc6 31. f3 Rb3 32. Qa5 Bf6 33. Rd1 Rb8 34. Bd4
Bxd4 35. Rxd4 Qb6 36. Qa3 g5 37. b4 Qxh6 38. Qxa7 Re8 39. Rd7 Qh1+ 40. Kc2 Qxg2+
41. Rd2 Qxf3 42. Qd4 Qf5+ 43. Kb2 Ra8 44. c4 Qf4 45. Qxf4 gxf4 46. Kc3 f3 47.
Rf2 Bh5 48. Kd4 Re8 49. b5 Re2 50. Rf1 f2 51. b6 Bf3 52. c5 Bg2 53. Rb1 f1=Q 54.
Rxf1 Bxf1 55. b7 Rb2 56. c6 Bg2 57. Kc5 Bxc6 58. Kxc6 h5 59. Kc7 Rxb7+ 60. Kxb7
h4 61. Kc7 h3 62. Kd6 h2 0-1

[Event "Chess24 Banter Blitz Cup"]
[Site "chess24.com INT"]
[Date "2019.12.31"]
[Round "2.15"]
[White "Praggnanandhaa, R"]
[Black "Larino Nieto, David"]
[Result "1/2-1/2"]
[WhiteTitle "GM"]
[BlackTitle "GM"]
[WhiteElo "2567"]
[BlackElo "2473"]
[WhiteFideId "25059530"]
[BlackFideId "2256444"]
[EventDate "2019.09.25"]
[EventType "blitz"]

1. c4 e6 2. Nc3 Nf6 3. Nf3 d5 4. e3 c5 5. cxd5 exd5 6. d4 Nc6 7. Bb5 Bd6 8. dxc5
Bxc5 9. O-O O-O 10. h3 a6 11. Be2 Re8 12. b3 Bf5 13. Bb2 Rc8 14. Rc1 Ba7 15. Na4
Ne4 16. Bd3 h6 17. Bxe4 Bxe4 18. Nd4 Bb8 19. Qg4 Ne5 20. Qxc8 Qxc8 21. Rxc8 Rxc8
22. Ba3 Nd7 23. Bb4 g5 24. Nc3 b6 25. Nxe4 dxe4 26. Nf5 Kh7 27. Rd1 Ne5 28. Bd6
Rd8 29. Rd4 Nc6 30. Rc4 Na5 31. Rd4 Nc6 32. Rc4 Na5 33. Rd4 Nc6 1/2-1/2

[Event "Chess24 Banter Blitz Cup"]
[Site "chess24.com INT"]
[Date "2019.12.31"]
[Round "2.16"]
[White "Larino Nieto, David"]
[Black "Praggnanandhaa, R"]
[Result "1/2-1/2"]
[WhiteTitle "GM"]
[BlackTitle "GM"]
[WhiteElo "2473"]
[BlackElo "2567"]
[WhiteFideId "2256444"]
[BlackFideId "25059530"]
[EventDate "2019.09.25"]
[EventType "blitz"]

1. e4 b6 2. Nc3 Bb7 3. Nf3 e6 4. d3 c5 5. g3 Nc6 6. Bg2 g6 7. O-O Bg7 8. Be3
Nge7 9. d4 cxd4 10. Nxd4 O-O 11. Ndb5 Ba6 12. Re1 d5 13. exd5 exd5 14. Nd4 Ne5
15. Bg5 f6 16. Ne6 Qd6 17. Nxf8 fxg5 18. f4 gxf4 19. gxf4 Qc5+ 20. Kh1 Ng4 21.
Qxg4 Rxf8 22. Qe6+ Rf7 23. Nxd5 Nf5 24. b4 Qf2 25. Qe8+ Rf8 26. Qe6+ Kh8 27.
Rad1 Nh4 28. Qh3 Be2 29. Qg3 Qxg3 30. hxg3 Bxd1 31. Rxd1 Nf5 32. Kh2 Rc8 33. Rd2
h5 34. Bh3 Rd8 35. Bxf5 gxf5 36. Rd3 Rc8 37. Ne3 Bf8 38. a3 Kg7 39. Nxf5+ Kf6
40. Ne3 Re8 41. Kg2 Bh6 42. Kf3 Bf8 43. Nd5+ Kg6 44. Ne3 Rc8 45. c4 a5 46. bxa5
bxa5 47. a4 Bb4 48. Rd5 Re8 49. Rg5+ Kf6 50. Ng4+ hxg4+ 51. Kxg4 Re3 52. Rf5+
Kg6 53. Rb5 Rc3 54. Rb6+ Kf7 55. Rc6 Ra3 56. Ra6 Rxa4 57. Kf5 Ra3 58. g4 Rc3 59.
Ra7+ Kg8 60. Kg6 Rxc4 61. Ra8+ Bf8 62. Kg5 a4 63. f5 a3 64. f6 Rd4 65. Kf5 Rd5+
66. Kg6 Rd7 67. g5 Rb7 68. Ra6 Rc7 69. Ra8 Rb7 1/2-1/2

[Event "Chess24 Banter Blitz Cup"]
[Site "chess24.com INT"]
[Date "2019.12.31"]
[Round "2.17"]
[White "Praggnanandhaa, R"]
[Black "Larino Nieto, David"]
[Result "1/2-1/2"]
[WhiteTitle "GM"]
[BlackTitle "GM"]
[WhiteElo "2567"]
[BlackElo "2473"]
[WhiteFideId "25059530"]
[BlackFideId "2256444"]
[EventDate "2019.09.25"]
[EventType "blitz"]

1. e4 c6 2. Nc3 g6 3. Nf3 Bg7 4. d4 d5 5. h3 dxe4 6. Nxe4 Nf6 7. Bd3 O-O 8. O-O
Re8 9. Ng3 Nbd7 10. Re1 Qc7 11. c3 b6 12. Bg5 h6 13. Bd2 e5 14. dxe5 Nxe5 15.
Bf4 Nfd7 16. Nxe5 Nxe5 17. Bf1 Bb7 18. Kh1 Rad8 19. Qc2 Qc8 20. Rad1 Rxd1 21.
Rxd1 c5 22. Kh2 Qc6 23. Qd2 Kh7 24. Qd6 Qc8 25. a4 h5 26. Bg5 Re6 27. Qd8 Qc6
28. Kg1 f6 29. Bf4 h4 30. Bxe5 Rxe5 31. Nh1 Rg5 32. f3 Qxf3 33. Qd2 Qe4 34. Re1
Qxa4 35. Re7 Rd5 36. Qe3 Rd7 37. Nf2 Rxe7 38. Qxe7 Qc6 39. Ng4 Kh8 40. Qd8+ Kh7
41. Qe7 b5 42. Ne3 c4 43. Be2 Qe4 44. Qc5 Qc6 45. Qxa7 Bh6 46. Bf3 Bxe3+ 47.
Qxe3 Qc7 48. Bxb7 Qxb7 49. Qd4 Qe7 50. Qxh4+ Kg7 51. Qf2 Qe4 52. g3 Qb1+ 53. Kh2
Qe4 54. Qg2 Qd3 55. Qb7+ Kh6 56. Qg2 g5 57. h4 g4 58. Qf2 Kg6 59. Kg2 Qe4+ 60.
Kg1 Qd3 61. Kh2 Qe4 62. Kg1 Qd3 63. Kh2 Qe4 64. Kg1 1/2-1/2

[Event "Chess24 Banter Blitz Cup"]
[Site "chess24.com INT"]
[Date "2019.12.31"]
[Round "2.18"]
[White "Larino Nieto, David"]
[Black "Praggnanandhaa, R"]
[Result "1/2-1/2"]
[WhiteTitle "GM"]
[BlackTitle "GM"]
[WhiteElo "2473"]
[BlackElo "2567"]
[WhiteFideId "2256444"]
[BlackFideId "25059530"]
[EventDate "2019.09.25"]
[EventType "blitz"]

1. e4 e5 2. Nc3 Nc6 3. Nf3 Nf6 4. g3 g6 5. Bg2 Bg7 6. O-O O-O 7. d3 d6 8. h3 h6
9. Be3 Be6 10. Qd2 Kh7 11. Rae1 Qd7 12. Kh2 d5 13. exd5 Nxd5 14. Nxd5 Bxd5 15.
a3 Rad8 16. Bc5 Rfe8 17. Be3 Bxf3 18. Bxf3 e4 19. Bg2 exd3 20. cxd3 Qxd3 21.
Qxd3 Rxd3 22. Bxc6 bxc6 23. Bxa7 Rxe1 24. Rxe1 Bxb2 25. Re7 Kg7 26. Rxc7 Rxa3
27. Bc5 Ra6 28. Rc8 h5 29. Kg2 Ba3 30. Bxa3 Rxa3 31. Rxc6 1/2-1/2

[Event "Chess24 Banter Blitz Cup"]
[Site "chess24.com INT"]
[Date "2019.12.31"]
[Round "2.19"]
[White "Praggnanandhaa, R"]
[Black "Larino Nieto, David"]
[Result "0-1"]
[WhiteTitle "GM"]
[BlackTitle "GM"]
[WhiteElo "2567"]
[BlackElo "2473"]
[WhiteFideId "25059530"]
[BlackFideId "2256444"]
[EventDate "2019.09.25"]
[EventType "blitz"]

1. e4 c6 2. c4 g6 3. Nc3 Bg7 4. d4 d6 5. Nf3 Nd7 6. Be2 Ngf6 7. Be3 O-O 8. O-O
e5 9. d5 c5 10. h3 b6 11. a3 h6 12. b4 Nh5 13. Qc1 Kh7 14. Ne1 Nf4 15. Nd3 g5
16. Qd2 Nf6 17. bxc5 bxc5 18. Rab1 h5 19. Nxc5 dxc5 20. Bxc5 Rg8 21. Be3 Bh6 22.
c5 Rg7 23. c6 Bxh3 24. gxh3 Qc8 25. f3 Qxh3 26. Rf2 g4 27. Rh2 gxf3+ 28. Kh1 Qg4
29. Rg1 fxe2 30. Rxg4 Nxg4 31. Bxf4 Bxf4 32. Rxh5+ Kg6 33. Qxe2 Kxh5 34. c7 Rh8
35. d6 Kg5+ 36. Kg1 Kf6 37. Nd5+ Ke6 38. Nxf4+ exf4 39. Qc4+ Kd7 40. Qb5+ Kxd6
41. Qb4+ Kxc7 42. Qc3+ Kb7 43. Qxg7 Rh4 44. Qxf7+ Kb6 45. Qe6+ Kb7 46. Qd5+ Kc7
47. Qc5+ Kd7 48. Qd5+ Ke8 49. Qe6+ Kf8 50. Qf5+ Ke8 51. Qg6+ Kd7 52. Qf7+ Kc6
53. Qd5+ Kb6 54. Qd6+ Kb5 55. Qd5+ Ka4 56. Qc4+ Kxa3 57. Qa6+ Kb3 58. Qb7+ Kc2
59. Qc6+ Kd3 60. Qd5+ Ke3 61. Qg5 Rh3 62. Qxg4 Rg3+ 63. Qxg3+ fxg3 64. e5 a5 65.
e6 a4 0-1

[Event "Chess24 Banter Blitz Cup"]
[Site "chess24.com INT"]
[Date "2020.01.03"]
[Round "2.1"]
[White "Navara, David"]
[Black "Nihal, Sarin"]
[Result "0-1"]
[WhiteTitle "GM"]
[BlackTitle "GM"]
[WhiteElo "2717"]
[BlackElo "2610"]
[WhiteFideId "309095"]
[BlackFideId "25092340"]
[EventDate "2019.09.25"]
[EventType "blitz"]

1. d4 Nf6 2. c4 e6 3. Nc3 Bb4 4. e3 O-O 5. Bd3 d5 6. cxd5 exd5 7. Ne2 c5 8. a3
cxd4 9. axb4 dxc3 10. O-O Nc6 11. b5 Ne5 12. Nxc3 Nxd3 13. Qxd3 Be6 14. Ne2 Qb6
15. b3 Ne4 16. Bb2 Rfc8 17. Nf4 Nd6 18. Nxd5 Bxd5 19. Qxd5 Nxb5 20. Qg5 f6 21.
Bxf6 Qxf6 22. Qxb5 Rc7 23. g3 a6 24. Qd5+ Kh8 25. Rac1 Rf7 26. Rc4 Raf8 27. Rf4
Qe7 28. Rxf7 Rxf7 29. Rd1 Rf8 30. Qd7 Qf6 31. Rd2 b5 32. Qd5 h6 33. Kg2 Qc3 34.
h4 a5 35. Ra2 Qb4 36. Rc2 a4 37. Rc5 Rb8 38. Qe5 Rf8 39. Rc7 Rf6 40. Rc8+ Rf8
41. Qd4 Qe7 42. Rxf8+ Qxf8 43. bxa4 Qa8+ 44. e4 bxa4 45. Qd5 Qxd5 46. exd5 Kg8
47. Kf3 Kf7 0-1

[Event "Chess24 Banter Blitz Cup"]
[Site "chess24.com INT"]
[Date "2020.01.03"]
[Round "2.2"]
[White "Nihal, Sarin"]
[Black "Navara, David"]
[Result "1-0"]
[WhiteTitle "GM"]
[BlackTitle "GM"]
[WhiteElo "2610"]
[BlackElo "2717"]
[WhiteFideId "25092340"]
[BlackFideId "309095"]
[EventDate "2019.09.25"]
[EventType "blitz"]

1. Nf3 d5 2. e3 c5 3. b3 Nf6 4. Bb2 e6 5. Bb5+ Bd7 6. Bxd7+ Nbxd7 7. O-O Bd6 8.
c4 O-O 9. Nc3 dxc4 10. bxc4 Ne5 11. Nxe5 Bxe5 12. f4 Bxc3 13. Bxc3 Ne4 14. Qc2
Nxc3 15. Qxc3 Qf6 16. Qxf6 gxf6 17. Rfb1 Rfd8 18. Rb2 Rd3 19. Kf2 b6 20. a4 Rad8
21. Ke2 e5 22. g3 exf4 23. gxf4 R3d6 24. a5 f5 25. axb6 axb6 26. Rg1+ Kf8 27.
Rg5 Rh6 28. Rg2 Rdd6 29. d3 Rdg6 30. Kf2 Rd6 31. Rb3 Rh3 32. Rg5 Rxh2+ 33. Kg3
Rdh6 34. Rxf5 R6h3+ 35. Kg4 h5+ 36. Kg5 Kg7 37. Rd5 Rxe3 38. Rxb6 Rg2+ 39. Kh4
Re1 40. Rg5+ Rxg5 41. Kxg5 Rd1 42. Rd6 Rh1 43. Rd5 Rh3 44. Rd7 h4 45. f5 Rf3 46.
Kg4 h3 47. Kxf3 1-0

[Event "Chess24 Banter Blitz Cup"]
[Site "chess24.com INT"]
[Date "2020.01.03"]
[Round "2.3"]
[White "Navara, David"]
[Black "Nihal, Sarin"]
[Result "1/2-1/2"]
[WhiteTitle "GM"]
[BlackTitle "GM"]
[WhiteElo "2717"]
[BlackElo "2610"]
[WhiteFideId "309095"]
[BlackFideId "25092340"]
[EventDate "2019.09.25"]
[EventType "blitz"]

1. e4 e5 2. Nf3 Nc6 3. Bb5 a6 4. Ba4 Nf6 5. O-O Be7 6. Re1 b5 7. Bb3 O-O 8. d4
Nxd4 9. Nxd4 exd4 10. e5 Ne8 11. c3 c5 12. cxd4 c4 13. Bc2 d5 14. Nd2 a5 15. Nf1
Ra6 16. Ne3 f5 17. f4 Nc7 18. g4 fxg4 19. Nxg4 Bf5 20. Rf1 Rg6 21. Bxf5 Rxf5 22.
Kh1 Ne6 23. Be3 Qf8 24. Rc1 h5 25. Nf2 Nxf4 26. Qf3 Nd3 27. Qxd5+ Kh8 28. Qe4
Bg5 29. Rg1 Nxf2+ 30. Bxf2 Bxc1 31. Rxc1 Rxf2 32. Qxg6 Qf3+ 33. Kg1 Rxb2 34. Rf1
Qe3+ 35. Kh1 Rf2 36. Qxh5+ Kg8 37. Qe8+ Kh7 38. Qh5+ Kg8 39. Qe8+ Kh7 40. Qh5+
Kg8 1/2-1/2

[Event "Chess24 Banter Blitz Cup"]
[Site "chess24.com INT"]
[Date "2020.01.03"]
[Round "2.4"]
[White "Nihal, Sarin"]
[Black "Navara, David"]
[Result "1-0"]
[WhiteTitle "GM"]
[BlackTitle "GM"]
[WhiteElo "2610"]
[BlackElo "2717"]
[WhiteFideId "25092340"]
[BlackFideId "309095"]
[EventDate "2019.09.25"]
[EventType "blitz"]

1. d4 d5 2. Nf3 c6 3. Bf4 Nf6 4. e3 Bg4 5. Nbd2 e6 6. h3 Bxf3 7. Nxf3 Bd6 8. Ne5
Qb6 9. Rb1 Qa5+ 10. c3 Qxa2 11. Nxf7 Bxf4 12. Nxh8 Bh6 13. Bd3 Nbd7 14. h4 g6
15. g4 Bg7 16. Nxg6 hxg6 17. Bxg6+ Ke7 18. g5 Ne4 19. Bxe4 dxe4 20. h5 Rg8 21.
h6 Bh8 22. Rg1 Nf8 23. Qc2 Qd5 24. c4 Qf5 25. Ra1 a6 26. Qb3 Nd7 27. c5 Rxg5 28.
Rf1 Rg2 29. Qxb7 Bxd4 30. Rd1 e5 31. Qxc6 Bxb2 32. Qd6+ Ke8 33. Qd2 Nxc5 34.
Qxb2 Kf7 35. Qa2+ Ke7 36. Qc4 Nd3+ 37. Rxd3 exd3 38. Qc5+ Kf6 39. Qc6+ Kg5 40.
Qxg2+ 1-0

[Event "Chess24 Banter Blitz Cup"]
[Site "chess24.com INT"]
[Date "2020.01.03"]
[Round "2.5"]
[White "Navara, David"]
[Black "Nihal, Sarin"]
[Result "1/2-1/2"]
[WhiteTitle "GM"]
[BlackTitle "GM"]
[WhiteElo "2717"]
[BlackElo "2610"]
[WhiteFideId "309095"]
[BlackFideId "25092340"]
[EventDate "2019.09.25"]
[EventType "blitz"]

1. d4 Nf6 2. c4 e6 3. Nc3 Bb4 4. e3 O-O 5. Bd3 c5 6. Nf3 d5 7. cxd5 cxd4 8. exd4
exd5 9. O-O h6 10. Ne5 Nc6 11. Be3 Re8 12. Nxc6 bxc6 13. Rc1 Bd6 14. h3 Bc7 15.
Ne2 Bd7 16. Bf4 Rb8 17. b3 Nh5 18. Bxc7 Qxc7 19. Qd2 Qd6 20. Rfe1 Re7 21. Nc3
Rbe8 22. Rxe7 Rxe7 23. Re1 Rxe1+ 24. Qxe1 Nf4 25. Bf1 Qg6 26. Kh2 Qd6 27. g3 Ne6
28. Qe3 Qb4 29. Ne2 Qe1 30. Bg2 a5 31. Nf4 Qxe3 32. fxe3 Nxf4 33. exf4 Bf5 34.
Kg1 Bb1 35. a3 Bc2 36. b4 axb4 37. axb4 Bd3 38. Bf1 Bb5 39. Kf2 f5 40. g4 Bxf1
41. Kxf1 fxg4 42. hxg4 g6 43. Kf2 Kf7 44. Kg3 Kf6 45. Kh4 h5 46. Kg3 Kf7 47. Kh4
Kf6 48. f5 hxg4 49. fxg6 Kg7 50. Kg3 Kf6 51. Kf4 Kg7 52. Kg3 Kf6 53. Kh4 Kg7 54.
Kxg4 Kxg6 55. Kf4 Kf6 56. Kg4 Kg6 57. Kf4 Kf6 58. Kg4 Kg6 1/2-1/2

[Event "Chess24 Banter Blitz Cup"]
[Site "chess24.com INT"]
[Date "2020.01.03"]
[Round "2.6"]
[White "Nihal, Sarin"]
[Black "Navara, David"]
[Result "1-0"]
[WhiteTitle "GM"]
[BlackTitle "GM"]
[WhiteElo "2610"]
[BlackElo "2717"]
[WhiteFideId "25092340"]
[BlackFideId "309095"]
[EventDate "2019.09.25"]
[EventType "blitz"]

1. Nf3 Nf6 2. c4 e6 3. Nc3 d5 4. d4 c6 5. Bg5 h6 6. Bxf6 Qxf6 7. Qb3 dxc4 8.
Qxc4 Nd7 9. g3 e5 10. Bg2 exd4 11. Nxd4 Ne5 12. Qb3 Bc5 13. Ne4 Qe7 14. Nxc5
Qxc5 15. Rd1 Qa5+ 16. Qc3 Qxc3+ 17. bxc3 Ke7 18. f4 Nc4 19. Kf2 Rd8 20. e4 c5
21. Nb5 Bg4 22. Bf3 Bxf3 23. Kxf3 Rd7 24. e5 a6 25. Rxd7+ Kxd7 26. Nd6 Nxd6 27.
Rd1 Kc7 28. Rxd6 b5 29. Ke4 b4 30. cxb4 cxb4 31. Kd4 a5 32. Kc5 Rb8 33. Ra6 b3
34. Ra7+ Kd8 35. axb3 Rxb3 36. Rxf7 a4 37. Rxg7 a3 38. Ra7 1-0

[Event "Chess24 Banter Blitz Cup"]
[Site "chess24.com INT"]
[Date "2020.01.03"]
[Round "2.7"]
[White "Navara, David"]
[Black "Nihal, Sarin"]
[Result "0-1"]
[WhiteTitle "GM"]
[BlackTitle "GM"]
[WhiteElo "2717"]
[BlackElo "2610"]
[WhiteFideId "309095"]
[BlackFideId "25092340"]
[EventDate "2019.09.25"]
[EventType "blitz"]

1. c4 Nf6 2. Nc3 e5 3. g3 Bc5 4. Bg2 c6 5. e3 O-O 6. d4 exd4 7. exd4 Bb6 8. Nf3
Re8+ 9. Be3 Ng4 10. Qd2 Qe7 11. O-O Nxe3 12. Rfe1 d6 13. Rxe3 Qf8 14. Rxe8 Qxe8
15. Re1 Qf8 16. Ne4 Bf5 17. Nxd6 Be6 18. c5 Bc7 19. Ng5 Bxd6 20. Nxe6 fxe6 21.
cxd6 Qxd6 22. Bh3 Nd7 23. Rxe6 Qd5 24. Re7 Nf8 25. Qe3 Qxa2 26. Qe5 Qb1+ 27. Bf1
Qg6 28. Rxb7 Re8 29. Bc4+ Kh8 30. Rxg7 Rxe5 31. Rxg6 Re1+ 0-1

[Event "Chess24 Banter Blitz Cup"]
[Site "chess24.com INT"]
[Date "2020.01.03"]
[Round "2.8"]
[White "Nihal, Sarin"]
[Black "Navara, David"]
[Result "0-1"]
[WhiteTitle "GM"]
[BlackTitle "GM"]
[WhiteElo "2610"]
[BlackElo "2717"]
[WhiteFideId "25092340"]
[BlackFideId "309095"]
[EventDate "2019.09.25"]
[EventType "blitz"]

1. Nf3 d5 2. e3 Nf6 3. c4 c6 4. Nc3 e6 5. b3 Bd6 6. Bb2 O-O 7. d4 Nbd7 8. Be2 b6
9. O-O Bb7 10. Rc1 Qe7 11. cxd5 exd5 12. Bd3 Ne4 13. Qe2 Rae8 14. Ba6 Ba8 15.
Qc2 f5 16. Ne2 g5 17. Ng3 f4 18. exf4 gxf4 19. Nxe4 dxe4 20. Rfe1 b5 21. a4 Bb4
22. axb5 Bxe1 23. Rxe1 Nb8 24. d5 Nxa6 25. bxa6 Qb4 26. Bc3 Qc5 27. Nd4 Qxd5 28.
Qb2 c5 29. Nb5 f3 30. g3 Qd7 31. Bh8 Rf7 32. Kh1 e3 33. Bf6 Qh3 34. Rg1 e2 35.
Bc3 e1=Q 36. Bxe1 Rxe1 0-1

[Event "Chess24 Banter Blitz Cup"]
[Site "chess24.com INT"]
[Date "2020.01.03"]
[Round "2.9"]
[White "Navara, David"]
[Black "Nihal, Sarin"]
[Result "1/2-1/2"]
[WhiteTitle "GM"]
[BlackTitle "GM"]
[WhiteElo "2717"]
[BlackElo "2610"]
[WhiteFideId "309095"]
[BlackFideId "25092340"]
[EventDate "2019.09.25"]
[EventType "blitz"]

1. e4 e5 2. Nf3 Nc6 3. Bc4 Bc5 4. c3 Nf6 5. d3 O-O 6. a4 a5 7. Bg5 h6 8. Bh4 Be7
9. Bg3 d6 10. O-O g6 11. h3 Nh5 12. Nbd2 Nxg3 13. fxg3 Kg7 14. g4 Be6 15. Qb3
Qd7 16. Rf2 b6 17. Raf1 Rad8 18. Qc2 Bxc4 19. Nxc4 Qe6 20. Ne3 Rd7 21. Nd5 Bd8
22. c4 Nb4 23. Nxb4 axb4 24. Qd2 c5 25. Ne1 Bh4 26. Rf3 Bxe1 27. Qxe1 f6 28. b3
Rdf7 29. Qg3 Qe7 30. h4 Qe6 31. g5 fxg5 32. hxg5 h5 33. Qh4 Rxf3 34. Rxf3 Qg4
35. Qxg4 hxg4 36. Rxf8 Kxf8 37. Kf2 Kf7 38. Kg3 Ke6 39. Kxg4 Ke7 1/2-1/2

[Event "Chess24 Banter Blitz Cup"]
[Site "chess24.com INT"]
[Date "2020.01.03"]
[Round "2.10"]
[White "Nihal, Sarin"]
[Black "Navara, David"]
[Result "1/2-1/2"]
[WhiteTitle "GM"]
[BlackTitle "GM"]
[WhiteElo "2610"]
[BlackElo "2717"]
[WhiteFideId "25092340"]
[BlackFideId "309095"]
[EventDate "2019.09.25"]
[EventType "blitz"]

1. Nf3 Nf6 2. c4 c5 3. Nc3 Nc6 4. g3 g6 5. Bg2 Bg7 6. d4 cxd4 7. Nxd4 O-O 8. O-O
Qa5 9. e3 d6 10. Bd2 Qc5 11. Nxc6 bxc6 12. b3 Rb8 13. Rc1 Bd7 14. e4 Qh5 15.
Qxh5 Nxh5 16. Be3 c5 17. f4 Bd4 18. Kf2 Nf6 19. Bf3 e5 20. fxe5 dxe5 21. Ke2 Bh3
22. Rf2 Kg7 23. Nd5 Nxd5 24. cxd5 f5 25. Rxc5 fxe4 26. Rc7+ Kg8 27. Bxe4 Bg4+
28. Bf3 Rxf3 29. Rxf3 Rf8 30. Bxd4 Bxf3+ 31. Kd3 exd4 32. Kxd4 Rd8 33. Rxa7
Rxd5+ 34. Ke3 Bd1 35. b4 Rb5 36. a3 h5 1/2-1/2

[Event "Chess24 Banter Blitz Cup"]
[Site "chess24.com INT"]
[Date "2020.01.03"]
[Round "2.11"]
[White "Navara, David"]
[Black "Nihal, Sarin"]
[Result "0-1"]
[WhiteTitle "GM"]
[BlackTitle "GM"]
[WhiteElo "2717"]
[BlackElo "2610"]
[WhiteFideId "309095"]
[BlackFideId "25092340"]
[EventDate "2019.09.25"]
[EventType "blitz"]

1. d4 Nf6 2. c4 e6 3. Nc3 Bb4 4. e3 O-O 5. Bd3 d5 6. cxd5 exd5 7. Ne2 Re8 8. Bd2
Nbd7 9. O-O c6 10. f3 c5 11. Kh1 a6 12. a3 Ba5 13. Rc1 cxd4 14. exd4 h6 15. Nf4
Nf8 16. Qb3 Ne6 17. Rfe1 b5 18. Nxe6 Bxe6 19. Qd1 Rc8 20. Ne2 Bb6 21. Bb4 Nh5
22. Qd2 Qh4 23. g3 Qf6 24. Kg2 Rxc1 25. Rxc1 Bf5 26. Bxf5 Qxf5 27. g4 Rxe2+ 28.
Qxe2 Nf4+ 29. Kf2 Nxe2 0-1

[Event "Chess24 Banter Blitz Cup"]
[Site "chess24.com INT"]
[Date "2020.01.03"]
[Round "2.12"]
[White "Nihal, Sarin"]
[Black "Navara, David"]
[Result "1-0"]
[WhiteTitle "GM"]
[BlackTitle "GM"]
[WhiteElo "2610"]
[BlackElo "2717"]
[WhiteFideId "25092340"]
[BlackFideId "309095"]
[EventDate "2019.09.25"]
[EventType "blitz"]

1. Nf3 d5 2. b3 Bf5 3. Bb2 e6 4. g3 h6 5. Bg2 Nf6 6. O-O Be7 7. d3 O-O 8. Nbd2
Bh7 9. c4 c6 10. a3 a5 11. Ne5 Nbd7 12. Ndf3 Nxe5 13. Nxe5 Nd7 14. Qc2 Nxe5 15.
Bxe5 d4 16. Qb2 c5 17. Bxb7 Ra7 18. Bf3 g5 19. g4 f6 20. Bg3 f5 21. h3 Bd6 22.
Bxd6 Qxd6 23. b4 cxb4 24. axb4 fxg4 25. hxg4 Bxd3 26. Rfd1 Bxc4 27. Rxd4 Bd5 28.
Rxa5 Raf7 29. Raxd5 exd5 30. Bxd5 Qf6 31. e3 Kg7 32. Bxf7 Rxf7 33. Rd2 Qxb2 34.
Rxb2 1-0